00374nam a22000977a 4500008004100000082001500041100004300056245011100099260005700210300000900267230621b xxu||||| |||| 00| 0 eng d a328.4bCPA cCommonwealth Parliamentary Association aReport of proceedings of the Eighteenth Commonwealth parliamentary Conference held in Malawi october 1972 aMalawibCommonwealth Parliamentary Associationc1972 a330p